| 000 | 00781nam a2200229 a 4500 | ||
|---|---|---|---|
| 999 |
_c11947 _d11947 |
||
| 001 | 11947 | ||
| 003 | BD-JhCC | ||
| 005 | 20210222103617.0 | ||
| 008 | 210222b19962016bg |||| ||a| 001 0 ben d | ||
| 020 | _a9789849224426 | ||
| 035 | _a(BD-JhCC)11947 | ||
| 040 |
_aBD-JhCC _dBD-JhCC |
||
| 041 | _aben | ||
| 082 |
_bRAF 2016 _a954.9205 |
||
| 100 | _aইসলাম,রফিকুল | ||
| 245 |
_aশেখ মুজিব ও স্বাধীনতা সংগ্রাম / _cরফিকুল ইসলাম |
||
| 260 |
_aবাংলাদেশ: _bকাকলী প্রকাশনী, ঢাকা; _c২০১৬. |
||
| 300 |
_a576 _c22 cm. |
||
| 650 | _aবাংলাদেশের মুক্তিযুদ্ধ | ||
| 942 |
_2ddc _cBK |
||